000 01071cam a2200289 4500
001 agr68000268
003 DLC
005 20260227111031.0
008 690513s1968 dcub b 000 0 eng c
010 _aagr68000268
040 _aU.S. Nat'l Agr. Libr.
_cDLC
_dDLC
050 0 0 _aHD1862
_b.S58
070 0 _aA281.9 Ag83 no.216
082 0 0 _a338.1/0982
100 1 _aSmith, John Newton.
245 1 0 _aArgentine agriculture: trends in production and world competition.
260 _a[Washington]
_bEconomic Research Service, U.S. Dept. of Agriculture
_c[1968]
300 _avi, 178 p.
_bmap.
_c26 cm.
490 1 _a[United States. Dept. of Agriculture. Economic Research Service] ERS-foreign
_v216
500 _aCover title.
504 _aBibliography: p. 85-89.
650 0 _aAgriculture
_xEconomic aspects
_zArgentina.
650 0 _aProduce trade
_zArgentina.
650 3 _aAgriculture
_xEconomic aspects
_zArgentina.
650 3 _aProduce trade
_zArgentina.
810 1 0 _a[United States.
_bDepartment of Agriculture.
_bEconomic Research Service]
_tERS-foreign
_v216.
999 _c12562
_d12562